Metodología de la intervención en trabajo social

Salvato in:
Dettagli Bibliografici
Autori principali: De Robertis, Cristina (Autore), Blanc, Bernadette (Autore), Lesimple, Françoise (Autore), Pascal, Henri (Autore), Carlo, Enrique Di (Autore)
Natura: Libro
Lingua:spagnolo
Pubblicazione: Buenos Aires Lumen 2006
Edizione:1a. ed
Serie:Humanitas
Soggetti:
Tags: Aggiungi Tag
Nessun Tag, puoi essere il primo ad aggiungerne!!

MARC

LEADER 00000cam a2200000 a 4500
001 UCD6014
003 CL-VaPUC
008 161111e20060000ag |||||||||||||||||spa|d
020 |a 9870005586 
082 0 4 |a 361.3  |b DER  |2 21 
100 0 |a De Robertis, Cristina  |e author  |9 589740 
700 0 |a Blanc, Bernadette  |e author  |9 589741 
700 0 |a Lesimple, Françoise  |e author  |9 589742 
700 0 |a Pascal, Henri  |e author  |9 589743 
700 0 |a Carlo, Enrique Di  |e author  |9 589744 
245 1 0 |a Metodología de la intervención en trabajo social 
250 |a 1a. ed 
300 |a 335 p 
942 |c BK 
945 |d 20161111 10:35:00  |a dcastane 
260 |a Buenos Aires  |b Lumen  |c 2006 
650 0 |a Trabajo social   |9 307856 
650 0 |a Trabajo comunitario  |9 337627 
650 0 |a Acción social  |9 307836 
583 |a last modification  |c 20161111 10:35:00  |k Rodrigo Vera 
490 0 |a Humanitas 
999 |c 366469  |d 366467 
952 |0 0  |1 0  |3 erb  |4 0  |6 361_300000000000000_DER_2006  |7 0  |8 R  |9 480727  |a BIBGIM  |b BIBGIM  |i 534784K  |l 1  |o 361.3 DER 2006  |p 534784K  |r 2025-01-15  |s 2021-06-03  |w 2019-11-24  |y BK_R  |z Catalogado en:20161111  |k SSL